La Juventud y la verdad
Guardat en:
| Format: | Text |
|---|---|
| Matèries: | |
| Etiquetes: |
Afegir etiqueta
Sense etiquetes, Sigues el primer a etiquetar aquest registre!
|
MARC
| LEADER | 00000 a a2200000 04500 | ||
|---|---|---|---|
| 001 | 6224 | ||
| 003 | |||
| 040 | |||
| 245 | |a La Juventud y la verdad | ||
| 650 | |a VIOLENCIA | ||
| 650 | |a CONFLICTOS SOCIALES | ||
| 650 | |a RESPONSABILIDAD | ||
| 650 | |a ANALISIS HISTORICO | ||
| 650 | |a GUERRA CIVIL | ||
| 650 | |a DERECHOS HUMANOS | ||
| 773 | |g volumen 18, número 801; páginas 14-16 | ||
| 999 | |c 34189 |d 34189 | ||
